Normal view
MARC view
Entry Personal Name
001 - CONTROL NUMBER
- control field: 86728
003 - CONTROL NUMBER IDENTIFIER
- control field: dpl
005 - DATE AND TIME OF LATEST TRANSACTION
- control field: 20260121125133.0
008 - FIXED-LENGTH DATA ELEMENTS
- fixed length control field: 260121|| aca||aabn | a|a d
040 ## - CATALOGING SOURCE
- Original cataloging agency: dpl
- Transcribing agency: dpl
100 ## - HEADING--PERSONAL NAME
- Personal name: Sharma, Kanika
670 ## - SOURCE DATA FOUND
- Source citation: Work cat.: (dpl)214387: Sharma, Kanika, Creepy Crawlies/, 2025
